My broken language : (Record no. 269)

MARC details
000 -LEADER
fixed length control field 03453nam a22003737a 4500
001 - CONTROL NUMBER
control field 21761162
005 - DATE AND TIME OF LATEST TRANSACTION
control field 20230330093631.0
008 - FIXED-LENGTH DATA ELEMENTS--GENERAL INFORMATION
fixed length control field 230330b |||||||| |||| 00| 0 eng d
010 ## - LIBRARY OF CONGRESS CONTROL NUMBER
LC control number 2020037277
020 ## - INTERNATIONAL STANDARD BOOK NUMBER
International Standard Book Number 9780008464622
Qualifying information (hardcover)
040 ## - CATALOGING SOURCE
Original cataloging agency LBSOR/DLC
Language of cataloging eng
Transcribing agency KMU
Description conventions rda
Modifying agency KMU
042 ## - AUTHENTICATION CODE
Authentication code pcc
043 ## - GEOGRAPHIC AREA CODE
Geographic area code n-us-pa
-- n-us---
050 00 - LIBRARY OF CONGRESS CALL NUMBER
Classification number PS3608.U3234 Hud
100 1# - MAIN ENTRY--PERSONAL NAME
Personal name Hudes, Quiara Alegría,
Relator term author.
245 10 - TITLE STATEMENT
Title My broken language :
Remainder of title a memoir /
Statement of responsibility, etc. Quiara Alegría Hudes.
250 ## - EDITION STATEMENT
Edition statement First edition.
264 #1 - PRODUCTION, PUBLICATION, DISTRIBUTION, MANUFACTURE, AND COPYRIGHT NOTICE
Place of production, publication, distribution, manufacture New York :
Name of producer, publisher, distributor, manufacturer One World,
Date of production, publication, distribution, manufacture, or copyright notice [2021]
300 ## - PHYSICAL DESCRIPTION
Extent xi, 316 pages ;
Dimensions 22 cm
336 ## - CONTENT TYPE
Content type term text
Content type code txt
Source rdacontent
337 ## - MEDIA TYPE
Media type term unmediated
Media type code n
Source rdamedia
338 ## - CARRIER TYPE
Carrier type term volume
Carrier type code nc
Source rdacarrier
505 0# - FORMATTED CONTENTS NOTE
Formatted contents note A multilingual block in West Philly -- Spanish becomes a secret; language of the dead -- English is for atheism; language of woodworking -- A name that is a mask -- An English cousin comes to visit -- Language of the forest -- Latina health vocabulary from the late 80s -- Spanglish cousins on the New Jersey turnpike -- Body language -- Sophomore year English -- Things go unsaid long enough... -- Possession's voice -- Sedo buys me an upright; language of Bach -- Taíno petroglyphs -- Lukumí thrones -- Silence=death -- Unwritten recipes -- Yoruba vocabulary -- A racial slur -- A book is its presence and absence -- Mom's accent -- Dad buys me a typewriter -- She said Norf Philly and one-two-free -- Atonality -- Fania everything and salsa out-of-prints -- The serenity prayer -- Sterling Library -- The Foraker Act (on Boriken's-and the diaspora's-language history) -- Gil-Scott Heron asks me a question -- Writing's a muscle, it gets stronger -- Broken language -- On obscenity -- Cold drink became a play -- Silence=death (déjà vu all over again) -- The book of our genius.
520 ## - SUMMARY, ETC.
Summary, etc. "Quiara Alegria Hudes was the sharp-eyed girl on the stairs while her family danced in her grandmother's tight South Philly kitchen, "frizzy hair cut short, bangs teased into stiff clouds, sweat glistening in the summer fog, pamper-butt babies weaving between legs." Quiara was awed by her aunts and uncles and cousins, but haunted by the secrets of the family and the unspoken stories of the barrio -- even as she tried to find her own voice in the sea of language around her, written and spoken, English and Spanish, bodies and books, Western art and sacred altars. Her family became her private pantheon, a gathering of powerful orishas with tragic wounds and she vowed to tell their stories--but first she'd have to get off the stairs and join the dance; she'd have to find her langauge. This is an inspired exploration of home, family, memory, and belonging, narrated by the obsessed girl who fought to become an artist so she could capture the world she loved in all its wild and delicate beauty"--
Assigning source Provided by publisher.
600 10 - SUBJECT ADDED ENTRY--PERSONAL NAME
Personal name Hudes, Quiara Alegría.
650 #0 - SUBJECT ADDED ENTRY--TOPICAL TERM
Topical term or geographic name entry element Hispanic American women dramatists
Form subdivision Biography.
650 #0 - SUBJECT ADDED ENTRY--TOPICAL TERM
Topical term or geographic name entry element Racially mixed people
Geographic subdivision Pennsylvania
-- Philadelphia
Form subdivision Biography.
650 #0 - SUBJECT ADDED ENTRY--TOPICAL TERM
Topical term or geographic name entry element Language and culture
Geographic subdivision America.
651 #0 - SUBJECT ADDED ENTRY--GEOGRAPHIC NAME
Geographic name Philadelphia (Pa.)
Form subdivision Biography.
776 08 - ADDITIONAL PHYSICAL FORM ENTRY
Relationship information Online version:
Main entry heading Hudes, Quiara Alegría.
Title My broken language.
Edition First edition
Place, publisher, and date of publication New York : One World, [2021]
International Standard Book Number 9780399590054
Record control number (DLC) 2020037278
906 ## - LOCAL DATA ELEMENT F, LDF (RLIN)
a 7
b cbc
c orignew
d 1
e ecip
f 20
g y-gencatlg
942 ## - ADDED ENTRY ELEMENTS (KOHA)
Source of classification or shelving scheme Library of Congress Classification
Koha item type Non-Fiction
Suppress in OPAC No
Holdings
Withdrawn status Lost status Source of classification or shelving scheme Damaged status Not for loan Collection Home library Current library Shelving location Date acquired Source of acquisition Total Checkouts Full call number Barcode Date last seen Date last checked out Price effective from Koha item type
    Library of Congress Classification     Non-fiction Kapasa Makasa University Kapasa Makasa University Open Access 30.03.2023 ZLS 1 PS 3608.U3234 Hud 300223 27.04.2024 10.04.2024 30.03.2023 Non-Fiction